Quality through design: experimental design, off-line quality control and Taguchi`s contribution
Saved in:
| Main Authors: | , |
|---|---|
| Format: | Book |
| Language: | English |
| Published: |
Oxford
Clarendon Press
1989
|
| Series: | Oxford series on advanced manufacturin, 7
|
| Subjects: | |
| Tags: |
Add Tag
No Tags, Be the first to tag this record!
|
MARC
| LEADER | 00000nam a2200000 a 4500 | ||
|---|---|---|---|
| 001 | UCX7987 | ||
| 003 | CL-VaPUC | ||
| 008 | 940118e19890000UK |||||||||||||||||eng|d | ||
| 082 | 0 | 4 | |a 658.562 |b LOG |2 21 |
| 100 | |a Logothetis, N. |e autor |9 324969 | ||
| 700 | 0 | |a Wynn, Henry P |e author |9 324970 | |
| 245 | 1 | 0 | |a Quality through design: experimental design, off-line quality control and Taguchi`s contribution |
| 300 | |a 464 p | ||
| 942 | |c BK | ||
| 945 | |d 19940118 00:00:00 |a mfernand | ||
| 260 | |a Oxford |b Clarendon Press |c 1989 | ||
| 650 | 7 | |a METODOS TAGUCHI |2 CL-VaPUC |9 324777 | |
| 650 | 0 | |a Control de calidad |9 259714 | |
| 583 | |a last modification |c 20170609 10:03:55 |k Rodrigo Vera | ||
| 490 | 0 | |a Oxford series on advanced manufacturin, 7 | |
| 999 | |c 227629 |d 227627 | ||
| 952 | |0 0 |1 0 |4 0 |6 658_562000000000000_LOG_1989 |7 0 |8 A |9 226773 |a BIBMAT |b BIBMAT |d 2019-11-15 |i 2959364 |o 658.562 LOG 1989 |p 2959364 |r 2025-01-07 |w 2019-11-15 |y BK |k MAT | ||